Les entraîneurs de Manchester United depuis Sir Alex Ferguson - Statistiques

Statistiques générales
  • Ce quiz a été pris 523 fois
  • Le résultat moyen est 6 sur 9
Statistiques - réponses
Durée Matchs Entraîneur Nationalité % Correct
2022 - Now en cours Erik ten Hag Pays-Bas
95%
2016 - 2018 144 José Mourinho Portugal
89%
2019 - 2021 149 Ole Gunnar Solskjaer Norvège
80%
2018 - 2019 19 Ole Gunnar Solskjaer Norvège
80%
2014 - 2016 103 Louis van Gaal Pays-Bas
78%
2014 - 2014 4 Ryan Giggs Pays de Galles
59%
2021 - 2022 29 Ralf Rangnick Allemagne
56%
2013 - 2014 51 David Moyes Écosse
54%
2021 - 2021 3 Michael Carrick Angleterre
51%
Aucun quiz correspondant
Distribution des résultats
% des personnes avec chaque résultat
Percentile par nombre de réponses
Votre historique - résultats
Vous n’avez pas pris ce quiz